Regional innovation strategies in V4 countries

Hodnotenie podpory inovácií v štyroch krajinách - Slovensko, Česko, Poľsko a Maďarsko (krajiny V4). Regionálne inovačné stratégie v týchto krajinách, porovnanie a teoretické pozadie.

Saved in:
Bibliographic Details
Main Author: Šipikal, Miroslav, 1976-
Other Authors: Parízková, Jana
Format: Book Chapter
Language:English
Subjects:
Tags: Add Tag
No Tags, Be the first to tag this record!

MARC

LEADER 00000nla$a2200000$$$4500
001 0112336
005 20251009072138.2
041 0 |a eng 
044 |a SK 
245 1 0 |a Regional innovation strategies in V4 countries  |c Miroslav Šipikal, Jana Parízková 
520 |a Hodnotenie podpory inovácií v štyroch krajinách - Slovensko, Česko, Poľsko a Maďarsko (krajiny V4). Regionálne inovačné stratégie v týchto krajinách, porovnanie a teoretické pozadie. 
610 2 0 |a inovácia 
610 2 0 |a stratégia inovačná 
610 2 0 |a regióny 
610 2 0 |a Vyšehradská štvorka 
610 2 0 |a Slovensko 
610 2 0 |a Česko 
610 2 0 |a Poľsko 
610 2 0 |a Maďarsko 
100 1 |a Šipikal, Miroslav, 1976- 
700 1 |a Parízková, Jana